000 00564nam a2200205Ia 4500
005 20250508155842.0
008 008 250505s9999 xx 000 0 eng d
020 _a81-7917-092-6
037 _aDissertations
040 _aFEDL
_beng
_cFEDL
041 _aeng
_2eng
084 _a371.911, VAS/DI
_qFEDL
100 _aVasudeva Usha
_9767680
245 0 _aSocial adjustment of the blind
260 _c1959
300 _a48p.
546 _aM.Ed. Dissertation (Delhi University)
942 _cDIS
_h371.911, VAS/DI
999 _c1359623
_d1359623